The church: (Record no. 3811)

000 -LEADER
fixed length control field 00545nam a2200181 a 4500
001 - CONTROL NUMBER
control field :::00001546$&:&@@
003 - CONTROL NUMBER IDENTIFIER
control field OkBaRHE
005 - DATE AND TIME OF LATEST TRANSACTION
control field 20000607103244.0
008 - FIXED-LENGTH DATA ELEMENTS--GENERAL INFORMATION
fixed length control field s1954 j 000 0 eng u
040 ## - CATALOGING SOURCE
Transcribing agency
100 1# - MAIN ENTRY--PERSONAL NAME
Personal name Hasseveldt, Roger.
245 14 - TITLE STATEMENT
Title The church:
Remainder of title a divine mystery.
260 ## - PUBLICATION, DISTRIBUTION, ETC. (IMPRINT)
Place of publication, distribution, etc Notre Dame, IN., :
Name of publisher, distributor, etc Fides Publishers
Date of publication, distribution, etc c1954
300 ## - PHYSICAL DESCRIPTION
Extent 298 p. ;
Dimensions 23 cm.
650 ## - SUBJECT ADDED ENTRY--TOPICAL TERM
Topical term or geographic name as entry element Church
General subdivision Biblical Teaching
942 ## - ADDED ENTRY ELEMENTS (KOHA)
Source of classification or shelving scheme
Koha item type Books
Copies
Damaged status Price effective from Copy number Shelving location Permanent Location Withdrawn status Date last seen Koha item type Not for loan Date acquired Source of classification or shelving scheme Lost status Barcode Full call number
 2010-04-141General StacksRHEMA Bible Training College 2010-04-14Books 2010-04-14  1546BS 600 .H3